Musical Instruments #2 String Family - Statistics

General Stats
  • This quiz has been taken 93 times
    84 since last reset
  • The average score is 8 of 21
Answer Stats
Answer % Correct
Violin
100%
Cello
97%
Viola
96%
Double Bass
94%
Harp
75%
Acoustic Guitar
43%
Electric Guitar
43%
Ukulele
43%
Banjo
42%
Sitar
39%
Mandolin
38%
Lute
36%
Electric Bass
20%
Electric Violin
9%
Dulcimer
7%
Viol Da Gamba
4%
Guitarrón
3%
Tambura
3%
Rubber Band
1%
Viola D’amore
1%
Esraj
0%
No matching quizzes found
Score Distribution
Percent of People with Each Score
Percentile by Number Answered
Your Score History
You have not taken this quiz since the last reset